American ethnicity /

Bibliographic Details
Main Author: Hraba, Joseph
Format: Book
Language:English
Published: Itasca, Ill. : F. E. Peacock, [1979]
Subjects:

MARC

Tag First Indicator Second Indicator Subfields
LEADER 00000cam a2200000 i 4500
001 in00000016701
005 20151007052836.0
008 791220s1979 ilua b 00110 eng
010 |a  78061877  
020 |a 0875812368 
035 |a (OCoLC)04989850 
035 |9 AAA9396AM 
040 |a DLC  |c DLC  |d m.c.  |d TXA  |d UtOrBLW 
043 |a n-us--- 
049 |a TXAM  |c [A11486088] 
050 0 0 |a E184.A1  |b H76 
050 4 |a E184.A1  |b H76 1980 
082 0 |a 305.8/00973 
100 1 |a Hraba, Joseph. 
245 1 0 |a American ethnicity /  |c by Joseph Hraba. 
264 1 |a Itasca, Ill. :  |b F. E. Peacock,  |c [1979] 
264 3 |c 1980 printing 
264 4 |c ©1979 
300 |a ix, 386 pages :  |b illustrations ;  |c 24 cm. 
336 |a text  |b txt  |2 rdacontent 
337 |a unmediated  |b n  |2 rdamedia 
338 |a volume  |b nc  |2 rdacarrier 
504 |a Includes bibliographies and index. 
651 0 |a United States  |x Ethnic relations. 
650 0 |a Ethnic relations. 
650 0 |a Ethnicity  |z United States. 
650 0 |a Minorities  |z United States. 
999 |a MARS 
999 f f |s 41e90cdd-2664-3c3b-8769-8276b715ee8c  |i 2b3b1da0-09ce-3e4f-9936-3dff4b292a03  |t 0 
952 f f |p ric  |a Texas A&M University  |b Rellis Campus  |c Joint Library Facility  |d Remote Storage  |t 0  |e E184.A1 H76 1980  |h Library of Congress classification  |i unmediated -- volume  |m A14811486088 
998 f f |a E184.A1 H76 1980  |t 0  |l Remote Storage